| 000 | 01630 a2200229 4500 | ||
|---|---|---|---|
| 001 | 10425 | ||
| 005 | 20260407155437.0 | ||
| 008 | 260407a2011 arg spa d | ||
| 003 | AR-UNSa-BCEJYS | ||
| 040 |
_aAR-UNSa-BCEJYS _bspa _cAR-UNSa-BCEJYS |
||
| 080 |
_a657.6 _xAuditoria (control interno) |
||
| 245 | 1 | 0 | _aDue diligence para abogados y contadores |
| 020 | _a978-987-01-1213-6 | ||
| 264 | 1 |
_aBuenos Aires : _bErrepar _c2011 |
|
| 300 |
_axxxvi, 583 p. _c22 cm. |
||
| 505 | _a1. El concepto de due diligence para abogados - 2. El concepto de due diligence para contadores - 3. La etapa preliminar en la estructuración del due diligence legal y contable-tributario - 4. Etapas en la evolución de un due diligence legal y contable-tributario - 5. Consideraciones adicionales respecto de las etapas de un due diligence contable - 6. ¿Qué son las contingencias? - 7. Análisis de riesgos en el due diligence - 8. Due diligence para la compra de un fondo de comercio - 9. Due diligence para la adquisición de control sobre una compañía objetivo - 10. Due diligence sobre temas jurídicos estructurales - 11. Due diligence laboral - 12. Due diligence previsional - 13. Naturaleza del trabajo del due diligence contable - 14. Procedimientos básicos de un due diligence contable - 15. Due diligence impositivo - 16. Informe del due diligence contable | ||
| 942 | _cBK | ||
| 590 | _aniveau_biblio:m niveau_hierar:0 | ||
| 100 | 1 | _aPapa, Rodolfo G. | |
| 700 | 1 | _aEguía, José L. | |
| 856 | 4 | 1 |
_uhttps://biblioeco.unsa.edu.ar/pmb/images/libros/Due Diligence para Abogados y Contadores2-l118710.jpg _yImagen de portada _qimage/jpeg |
| 999 |
_c452 _d452 |
||